Nárokové a nenárokové cestovné náhrady
Nárokové cestovné náhrady ako náhrady, ktoré je zamestnávateľ povinný zamestnancovi poskytnúť. Zamestnanec a zákonom stanovené podmienky, ktoré musí splniť pri uplatňovaní práva na nárokové náhrady. Náhrady, ktoré poskytne zamestnávateľ zamestnancovi ako zdaniteľný príjem.
Guardado en:
| Autor principal: | |
|---|---|
| Formato: | Capítulo de libro |
| Lenguaje: | eslovaco |
| Materias: | |
| Etiquetas: |
Sin Etiquetas, Sea el primero en etiquetar este registro!
|
MARC
| LEADER | 00000naa a2200000 4500 | ||
|---|---|---|---|
| 001 | 0273644 | ||
| 005 | 20210513145342.6 | ||
| 041 | 0 | |a slo | |
| 044 | |a SK | ||
| 245 | 1 | 0 | |a Nárokové a nenárokové cestovné náhrady |c Ján Mintál |
| 520 | |a Nárokové cestovné náhrady ako náhrady, ktoré je zamestnávateľ povinný zamestnancovi poskytnúť. Zamestnanec a zákonom stanovené podmienky, ktoré musí splniť pri uplatňovaní práva na nárokové náhrady. Náhrady, ktoré poskytne zamestnávateľ zamestnancovi ako zdaniteľný príjem. | ||
| 610 | 2 | 0 | |a cestovné |
| 610 | 2 | 0 | |a cestujúci |
| 610 | 2 | 0 | |a zamestnanci |
| 610 | 2 | 0 | |a zamestnávatelia |
| 610 | 2 | 0 | |a náhrada cestovného |
| 100 | 1 | |a Mintál, Ján | |